Electrotherapy/ Evidence - Based Practice (Record no. 9624)
[ view plain ]
| 000 -LEADER | |
|---|---|
| fixed length control field | 01582cam a22002054a 4500 |
| 005 - ΗΜΕΡΟΜΗΝΙΑ ΚΑΙ ΩΡΑ ΤΕΛΕΥΤΑΙΑΣ ΕΝΗΜΕΡΩΣΗΣ | |
| Πεδίο ελέγχου | 20250605164405.0 |
| 008 - FIXED-LENGTH DATA ELEMENTS--GENERAL INFORMATION | |
| Πεδίο ελέγχου σταθερού μήκους | 250528s ||||||||||||||||||||||||d |
| 035 ## - SYSTEM CONTROL NUMBER | |
| System control number | 24773 |
| 020 ## - ISBN | |
| ISBN | 443072167 |
| 040 ## - ΠΗΓΗ ΚΑΤΑΛΟΓΟΓΡΑΦΗΣΗΣ | |
| Φορέας πρωτότυπης καταλογογράφησης | MC Athens Campus Library |
| Γλώσσα καταλογογράφησης | Ελληνικά, Μοντέρνα (1453-) |
| Modifying agency | MC Athens Campus Library |
| Κανόνες περιγραφικής καταλογογράφησης | AACR2 |
| 245 1# - ΤΙΤΛΟΣ ΚΑΙ ΔΗΛΩΣΗ ΥΠΕΥΘΥΝΟΤΗΤΑΣ | |
| Τίτλος | Electrotherapy/ Evidence - Based Practice |
| 250 ## - EDITION STATEMENT | |
| Edition statement | 11th |
| 260 ## - PUBLICATION, DISTRIBUTION, ETC. | |
| Name of publisher, distributor, etc. | Churchill Livingstone, |
| Date of publication, distribution, etc. | 2002 |
| 300 ## - PHYSICAL DESCRIPTION | |
| Extent | 348 |
| 520 ## - SUMMARY, ETC. | |
| Summary, etc. | This book has been designed to provide the reader with up to date knowledge and understanding of the most commonly used agent in the field of electrotherapy. Includes CDROM. Contributors, Preface, Scientific Background, Electrophysical and Thermal Principles, Electrical Properties of Cells and Tissues, Tissues Repair, Sensory and Motor Nerve Activation, Physiology of Pain, Scientific Basis of Therapy, Thermal Effects, Low Energy Treatments: Non Thermal or Microthermal?, Stemulative Effects, Conductive Agents, Heat and Cold: Conduction Methods, Electromagnetic Agents, Infrared Irradiation, Diathermy, Short Wave Diathermy, Microwave Diathermy, Ultrasound, Ultrasound Therapy, Low Frequency Currents, Low Frequency Currents An Introduction, Neuromuscular and Muscular Electrical Stimulation, Transcutaneous Electrical Nerve Stimulation (TENS), Interferential Current for Pain Control, Diagnosis and Assessment Applications, Electrophysiological Testing, Would Assessment, Electrical Stimulation for Wound Healing: A Review of Current Knowledge, Appendix: Safety in Practice, Index. |
| 700 1# - ΠΡΟΣΘΕΤΗ ΑΝΑΓΡΑΦΗ--ΦΥΣΙΚΟ ΠΡΟΣΩΠΟ | |
| Personal name | Kitchen Sheila |
| 9 (RLIN) | 8648 |
| 942 ## - ADDED ENTRY ELEMENTS (KOHA) | |
| Koha item type | Books |
| Τύπος τεκμηρίου | Βιβλιοθήκη | Τρέχουσα τοποθεσία | Barcode | Αριθμός εισαγωγής | Ημερομηνία απόκτησης | Ταξιθετικό σύμβολο | Αριθμός αντιτύπου | Κατάσταση απόσυρσης | Κατάσταση χαμένου | Κατάσταση κατεστραμμένου | Μη δανεισμός | Σύνολο δανεισμών | Ημερομηνία τελευταίας εμφάνισης | Η τιμή ισχύει από |
|---|---|---|---|---|---|---|---|---|---|---|---|---|---|---|
| Books | MC Thessaloniki Campus Library | MC Thessaloniki Campus Library | 9780000096234 | 7622 | 05/06/2025 | 615.845 KIT | 1 | 05/06/2025 | 05/06/2025 |